INFORME FINAL DEL EJERCICIO PROFESIONAL SUPERVISADO, DISEÑO Y PLANIFICACIÓN DEL SISTEMA DE AGUA POTABLE ALDEA CHIYUC Y CAMINO RURAL CASERÍO AGUA BLANCA SANTA MARÍA, DEL MUNICIPIO DE SAN CRISTÓBAL VERAPAZ, ALTA VERAPAZ./ (Registro nro. 2058)
[ vista simple ]
| 000 -LEADER | |
|---|---|
| campo de control de longitud fija | 03809nam a22003377a 4500 |
| 001 - NÚMERO DE CONTROL | |
| campo de control | TIC 0030 |
| 003 - IDENTIFICADOR DE NÚMERO DE CONTROL | |
| campo de control | gtcocun |
| 005 - FECHA Y HORA DE LA ÚLTIMA TRANSACCIÓN | |
| campo de control | 20250922182641.0 |
| 006 - CÓDIGOS DE INFORMACIÓN DE LONGITUD FIJA--CARACTERÍSTICAS DEL MATERIAL ADICIONAL | |
| campo de control de longitud fija | a||||gr|||| 00| 0 |
| 007 - CAMPO FIJO DE DESCRIPCIÓN FÍSICA--INFORMACIÓN GENERAL | |
| campo de control de longitud fija | ta |
| 008 - DATOS DE LONGITUD FIJA--INFORMACIÓN GENERAL | |
| campo de control de longitud fija | 250922b2023 gt ||||| m||| 00| 0 eng d |
| 040 ## - FUENTE DE CATALOGACIÓN | |
| Centro catalogador/agencia de origen | gtcocun |
| Lengua de catalogación | SPA |
| Centro/agencia transcriptor | gtcocun |
| Normas de descripción | RDA |
| 041 ## - CÓDIGO DE IDIOMA | |
| Código de lengua del texto/banda sonora o título independiente | SPA TIC 0030 |
| 084 ## - OTRO NÚMERO DE CLASIFICACIÓN | |
| Número de control del registro de autoridad o número normalizado | TIC 0030 |
| 100 ## - ENTRADA PRINCIPAL--NOMBRE DE PERSONA | |
| Nombre de persona | López Lem, Jhonny Francis Yonathan |
| Término indicativo de función/relación | Autor |
| 245 ## - MENCIÓN DEL TÍTULO | |
| Título | INFORME FINAL DEL EJERCICIO PROFESIONAL SUPERVISADO, DISEÑO Y PLANIFICACIÓN DEL SISTEMA DE AGUA POTABLE ALDEA CHIYUC Y CAMINO RURAL CASERÍO AGUA BLANCA SANTA MARÍA, DEL MUNICIPIO DE SAN CRISTÓBAL VERAPAZ, ALTA VERAPAZ./ |
| Mención de responsabilidad, etc. | Jhonny Francis Yonathan López Lem. |
| Medio | Impreso |
| 264 ## - PRODUCCIÓN, PUBLICACIÓN, DISTRIBUCIÓN, FABRICACIÓN Y COPYRIGHT | |
| Producción, publicación, distribución, fabricación y copyright | Cobán, Alta Verapaz: |
| Nombre del de productor, editor, distribuidor, fabricante | Universidad de San Carlos de Guatemala, Centro Universitario del Norte, Ingeniería Civil |
| Fecha de producción, publicación, distribución, fabricación o copyright | 2023 |
| 300 ## - DESCRIPCIÓN FÍSICA | |
| Extensión | 293 p.: |
| Otras características físicas | Ilustraciones, gráficas. |
| Dimensiones | 28 cm; |
| 300 ## - DESCRIPCIÓN FÍSICA | |
| Dimensiones | |
| 336 ## - TIPO DE CONTENIDO | |
| Fuente | rdacontenido |
| Término de tipo de contenido | Texto |
| Código de tipo de contenido | txt |
| 337 ## - TIPO DE MEDIO | |
| Fuente | rdamedio |
| Nombre/término del tipo de medio | Computadora |
| Código del tipo de medio | n |
| 338 ## - TIPO DE SOPORTE | |
| Fuente | rdasoporte |
| Nombre/término del tipo de soporte | Código en línea |
| Código del tipo de soporte | cr |
| 502 ## - NOTA DE TESIS | |
| identificador de la tesis | TIC 0030 |
| 502 ## - NOTA DE TESIS | |
| Nota de tesis | Tesis de grado |
| Tipo de título | Ingeniería Civil, |
| Nombre de la institución que otorga el título | Universidad de San Carlos de Guatemala, Centro Universitario del Norte, Ingeniería Civil |
| Año de obtención del título | 2023 |
| Identificador de la tesis | TIC 0030 |
| 520 14 - RESUMEN, ETC. | |
| Sumario, etc. | El informe final del Ejercicio Profesional Supervisado (EPS) se basa en la recopilación de datos e información para brindar soluciones a diversas necesidades identificadas en algunas comunidades del municipio de San Cristóbal Verapaz, para así poder contribuir con mejorar la economía, calidad de vida y acceso a servicios básicos de la población.<br/><br/>Para dar respuesta a algunas de las necesidades encontradas, se planificaron y diseñaron dos proyectos de infraestructura, uno de ellos tuvo como prioridad cubrir la demanda de agua potable, a través de un proyecto que consistió en la construcción del sistema de agua potable para la Aldea Chiyuc, mientras que el otro proyecto consistió en proporcionar un ingreso vehicular mediante la introducción de un camino rural en el Caserío Agua Blanca<br/>Santa María, con estos proyectos se priorizá dar solución de manera inmediata a las necesidades sentidas en estas zonas del municipio de San Cristóbal Verapaz.<br/><br/>Durante el proceso del EPS, se llevaron a cabo estudios de suelos para las cimentaciones, análisis físico-químicos y bacteriológicos del agua en el estudio sanitario; levantamientos topográficos para comprender las características del terreno, además se consideraron las medidas, cálculos detallados basados en manuales, como también en guías normadas y<br/>planos que describen el diseño final. Además, se incluyeron especificaciones técnicas generales que cumplen con los parámetros de las normas establecidas. Asimismo, se elaboró un manual de administración, operación y mantenimiento que detalla los pasos necesarios para preservar la integridad de las obras de arte de infraestructura.<br/><br/>En la parte financiera, se desarrollaron cronogramas físicos y financieros para establecer los tiempos de ejecución de cada trabajo, así como el monto de la inversión necesaria.<br/><br/>Ambos proyectos se enfocaron en lograr la funcionalidad y calidad requerida en un<br/>proyecto de ingeniería. Estas soluciones no solo atienden necesidades inmediatas, sino que también se considera su impacto en el desarrollo de la comunidad, al tomar en cuenta los problemas existentes en el área. |
| 650 14 - PUNTO DE ACCESO ADICIONAL DE MATERIA--TÉRMINO DE MATERIA | |
| Fuente del encabezamiento o término | LEMB |
| Término de materia o nombre geográfico como elemento de entrada | San Cristóbal Verapaz, Alta Verapaz. |
| Subdivisión general | Ingeniería |
| -- | Diseño |
| -- | Construcción |
| -- | Desarrollo |
| -- | Infrastructura |
| -- | Funcionalidad |
| 700 ## - ENTRADA AGREGADA--NOMBRE PERSONAL | |
| Nombre de persona | Ing. Civil. Sindry Yaneth Pacay Morales |
| Término indicativo de función/relación | Asesor |
| 856 ## - LOCALIZACIÓN Y ACCESO ELECTRÓNICOS | |
| Identificador Uniforme de Recurso | <a href="https://drive.google.com/file/d/1hSEDvlZ7MlKJ2wmwHsZS-ZiZGM67kFkk/view">https://drive.google.com/file/d/1hSEDvlZ7MlKJ2wmwHsZS-ZiZGM67kFkk/view</a> |
| Texto de enlace | |
| Nota pública | Un ejemplar en línea. |
| 942 ## - ELEMENTOS DE ENTRADA SECUNDARIOS (KOHA) | |
| Fuente de la clasificación o esquema de estantería | Clasificación Decimal Dewey |
| Tipo de ítem Koha | TESIS |
| Parte de la signatura que identifica el ejemplar (Parte del ítem) | TIC 0030 |
| Prefijo de la signatura | Clasificación |
| Suprimir en OPAC | No |
| -- | TIC_0030_000000000000000 |
| Estatus retirado | Estado de pérdida | Fuente de la clasificación o esquema de estantería | Estado de daño | No para préstamo | Colección | Biblioteca de origen | Biblioteca actual | Ubicación en estantería | Fecha de adquisición | Número de inventario | Total de préstamos | Signatura topográfica completa | Código de barras | Visto por última vez | Precio de reemplazo | Tipo de ítem Koha |
|---|---|---|---|---|---|---|---|---|---|---|---|---|---|---|---|---|
| Clasificación Decimal Dewey | tesis | BIBLIOTECA- CUNOR -JOSÉ LUIS GONZALES ROSALES | BIBLIOTECA- CUNOR -JOSÉ LUIS GONZALES ROSALES | Colección tesis | 16/09/2025 | TIC 0030 | TIC 0030 | TIC 0030 | 16/09/2025 | 16/09/2025 | TESIS |